000 00583nam a2200181 i 4500
001 186362
003 ES-MaACL
005 20230906222644.0
008 161028s1979 ag a |||| |dspa d
080 _a2-587
100 1 _aOrtega, Alicia.
_9161136
245 1 3 _aLa mística y los místicos
_b: del amor que excede todo conocimiento /
_cAlicia Ortega.
260 _aBuenos Aires :
_bHypatia,
_c1979.
300 _a597 p. :
_bil. ;
_c20 cm.
504 _aReferencias bibliográficas.
650 _aMisticismo.
_915086
852 _aES-MaACL
_jL-30727
_z. - Donat. Miguel A. Velasco
999 _c186362
_d186362